| 000 | 00000nam 2200000zi 4500 |
| 001 | 9.943099 |
| 003 | CaOODSP |
| 005 | 20241008143329 |
| 006 | m o d f |
| 007 | cr mn||||||||| |
| 008 | 240911e20240910onc ob f000 0 eng d |
| 040 | |aCaOODSP|beng|erda|cCaOODSP |
| 043 | |an-cn--- |
| 086 | 1 |aH113-8/2024-4E-PDF |
| 245 | 00|aConsultation on guidance for registrants and data holders for use or reliance on test data considered in support of re-evaluation and special review decisions published before 4 December 2023. |
| 264 | 1|aOttawa, Ontario : |bPest Management Regulatory Agency, Health Canada, |c10 September 2024. |
| 264 | 4|c©2024 |
| 300 | |a1 online resource (15 pages). |
| 336 | |atext|btxt|2rdacontent |
| 337 | |acomputer|bc|2rdamedia |
| 338 | |aonline resource|bcr|2rdacarrier |
| 490 | 1 |aRegulatory proposal, |x1925-122X ; |vPRO2024-04 |
| 500 | |aIssued also in French under title: Consultation sur le document d'orientation à l'intention des titulaires et des détenteurs de données pour l'utilisation des données d'essai examinées à l'appui des décisions de réévaluation et d'examen spécial publiées avant le 4 décembre 2023. |
| 504 | |aIncludes bibliographical references. |
| 650 | 0|aPesticides|xGovernment policy|zCanada. |
| 650 | 0|aPesticides|xLaw and legislation|zCanada. |
| 710 | 1 |aCanada. |bPest Management Regulatory Agency, |eissuing body. |
| 775 | 08|tConsultation sur le document d'orientation à l'intention des titulaires et des détenteurs de données pour l'utilisation des données d'essai examinées à l'appui des décisions de réévaluation et d'examen spécial publiées avant le 4 décembre 2023.|w(CaOODSP)9.943101 |
| 830 | #0|aRegulatory proposal (Canada. Pest Management Regulatory Agency)|vPRO2024-04.|w(CaOODSP)9.504463 |
| 856 | 40|qPDF|s398 KB|uhttps://publications.gc.ca/collections/collection_2024/sc-hc/h113-8/H113-8-2024-4-eng.pdf |
| 856 | 4 |qHTML|sN/A|uhttps://www.canada.ca/en/health-canada/services/consumer-product-safety/pesticides-pest-management/public/consultations/regulatory-proposals/2024/guidance-registrants-data-holders-use-reliance-test-data-considered-support-re-evaluation-special-review-decisions/document.html |